Five Most Guessed Athletes by Sport - Statistics

General Stats
  • This quiz has been taken 21,110 times
    20,699 since last reset
  • The average score is 19 of 44
Answer Stats
Sports Athlete % Correct
Ballon d'Or Winners Lionel Messi
91%
Ballon d'Or Winners Cristiano Ronaldo
90%
Ballon d'Or Winners Ronaldo
89%
NBA MVPs Michael Jordan
82%
NBA MVPs Lebron James
81%
F1 World Champions Lewis Hamilton
76%
Golf Major Champions Tiger Woods
76%
Tennis Grand Slam Champs Roger Federer
74%
Tennis Grand Slam Champs Novak Djokovic
73%
Tennis Grand Slam Champs Rafael Nadal
73%
Heavyweight Boxing Champs Muhammad Ali
67%
F1 World Champions Max Verstappen
65%
NBA MVPs Kobe Bryant
64%
Heavyweight Boxing Champs Mike Tyson
63%
F1 World Champions Michael Schumacher
58%
NBA MVPs Stephen Curry
55%
WWE Champions John Cena
52%
WWE Champions The Rock
52%
NHL MVPs Wayne Gretzky
45%
Ballon d'Or Winners Luka Modrić
41%
F1 World Champions Ayrton Senna
39%
Tennis Grand Slam Champs Carlos Alcaraz
39%
Tennis Grand Slam Champs Andy Murray
38%
Ballon d'Or Winners Ousmane Dembélé
33%
WWE Champions The Undertaker
32%
F1 World Champions Lando Norris
31%
NBA MVPs Nikola Jokić
31%
Golf Major Champions Rory McIlroy
29%
WWE Champions Hulk Hogan
26%
Heavyweight Boxing Champs Tyson Fury
26%
Heavyweight Boxing Champs George Foreman
22%
Heavyweight Boxing Champs Joe Louis
19%
NHL MVPs Sidney Crosby
19%
Golf Major Champions Jack Nicklaus
18%
NHL MVPs Alex Ovechkin
16%
Tour de France Winners Tadej Pogačar
16%
NHL MVPs Connor McDavid
15%
Golf Major Champions Scottie Scheffler
15%
Golf Major Champions Phil Mickelson
13%
WWE Champions Roman Reigns
13%
Tour de France Winners Jonas Vingegaard
11%
Tour de France Winners Chris Froome
10%
Tour de France Winners Eddy Merckx
9%
NHL MVPs Nathan MacKinnon
6%
No matching quizzes found
Score Distribution
Percent of People with Each Score
Percentile by Number Answered
Your Score History
You have not taken this quiz since the last reset